000 00530nam a2200181Ia 4500
008 090123s9999 xx 000 0 und d
082 _b3529
_a891.463/कदम
100 _aकदम बाबा
245 _aश्वेतगिरी
250 _a2
260 _bविद्यार्थी प्रकाशन
_c1973
300 _a80
600 _aकदम बाबा
630 _aश्वेतगिरी
700 _aकदम बाबा
730 _aश्वेतगिरी
942 _cBOOK
999 _c41609
_d41609